000
00254nam a2200097Ia 4500
001
977354
005
20250826220724.0
008
250824s9999 xx 000 0 und d
245
0
_a
BAŞLANGIÇLARIN SONSUZ MUTLU
_c
AYKUT ERTUĞRUL
260
_b
KETEBE YAYINLARI
999
_c
977354
_d
977354